| 000 | 01081nac a22002897a 4500 | ||
|---|---|---|---|
| 001 | BR4200163 | ||
| 003 | BR-BrBNA | ||
| 005 | 20250213125450.0 | ||
| 008 | 230509b bl.|||m| |||| 00| 0 por d | ||
| 040 |
_aBR-BrBNA _bpor _cBiblioteca Nacional de Agricultura |
||
| 072 | _aK50; E70 | ||
| 090 | _a2790 BR4200163 | ||
| 100 | 1 | _aBarros, P.P. de | |
| 110 | 1 | _aDepartamento Nacional da Producao Vegetal, Rio de Janeiro, GB (Brasil). Div. de Fomento da Producao Vegetal; | |
| 110 | 1 | _aServico de Informacao Agricola, Rio de Janeiro, GB (Brasil) | |
| 245 | 1 | _aA ipecacuanha sua extracao, cultura e comercio [Cephaelis ipecacuanha] | |
| 260 | 3 |
_aRio de Janeiro, GB (Brasil): _c1942. |
|
| 300 | _a21 p. | ||
| 490 |
_aSIA (Brazil) _vno. 436 |
||
| 500 | _a13 illus.; Reprint of "Boletim do Ministerio da Agricultura" Jan 1942 | ||
| 650 | _aIndustria florestal | ||
| 650 | _aComercializacao | ||
| 650 | _aIpecacuanha | ||
| 650 | _aExportacao | ||
| 856 | _uhttps://repositorio-dspace.agricultura.gov.br/bitstream/1/5932/1/1942%20SIA%20436%20%282%29.pdf | ||
| 942 |
_2AGRIS _n0 _cMS |
||
| 999 |
_c260473 _d260473 |
||